| 000 | 00354 a2200169 4500 | ||
|---|---|---|---|
| 001 | 169612 | ||
| 020 | _a85-209-0348-7 | ||
| 040 | _cMagnum | ||
| 100 | _aPadula, Maria | ||
| 240 | 1 | 0 |
_aA casa sinistra _lpor |
| 245 | 1 | 0 | _aA casa sinistra |
| 300 | _a152 | ||
| 362 | 0 | _a1992 | |
| 440 | 1 | _aNova Fronteira | |
| 697 | _aLITERATURA JUVENIL | ||
| 942 | _cBK | ||
| 999 |
_c169612 _d169612 |
||